| 000 | 01000nam a22002175i 4500 | ||
|---|---|---|---|
| 001 | 168735 | ||
| 003 | ES-MaACL | ||
| 005 | 20230906213855.0 | ||
| 008 | 080528s1882 xxu |||| | eng d | ||
| 080 | _a75.021.322(064.3) | ||
| 080 | _a75.035(064.3) | ||
| 245 | 0 | 3 |
_aAn extraordinary collection of water color paintings, comprising two hundred and fifty examples of the french, italian and danish schools, from the european water color gallery and now exhibited in this country for the first time _b: the entire collection... on wednesday, thursday and friday... november 22, 23 & 24. |
| 260 |
_a[S.l. : _bs.n.], _c1882 ( _eNew York : _fJohn Polhemus) |
||
| 300 |
_a40 p. ; _c21 cm. |
||
| 500 | _aPrecede al tít:: Now on free exhibition, at the Schenck Art Gallery, 37 Nassau street. | ||
| 650 | 1 | 4 |
_aAcuarela- _yS.XIX- _vExposiciones. _9137817 |
| 655 | 7 |
_2tgfbne _9193628 _aCatálogos de exposiciones |
|
| 852 |
_aES-MaACL _jT-894-F-11 |
||
| 942 | _2udc | ||
| 999 |
_c168735 _d168735 |
||